The mystery of marriage: (Record no. 14648)

000 -LEADER
fixed length control field 00611nam a2200193 a 4500
001 - CONTROL NUMBER
control field :::00012481$&:&@@
003 - CONTROL NUMBER IDENTIFIER
control field OkBaRHE
005 - DATE AND TIME OF LATEST TRANSACTION
control field 20000607103419.0
008 - FIXED-LENGTH DATA ELEMENTS--GENERAL INFORMATION
fixed length control field s1985 j 000 0 eng u
040 ## - CATALOGING SOURCE
Transcribing agency
100 1# - MAIN ENTRY--PERSONAL NAME
Personal name Mason, Mike, 1953-
245 14 - TITLE STATEMENT
Title The mystery of marriage:
Remainder of title as iron sharpens iron.
260 ## - PUBLICATION, DISTRIBUTION, ETC. (IMPRINT)
Place of publication, distribution, etc Portland, OR., :
Name of publisher, distributor, etc Multnomah Press
Date of publication, distribution, etc c1985
300 ## - PHYSICAL DESCRIPTION
Extent 185 p. ;
Dimensions 22 cm.
650 ## - SUBJECT ADDED ENTRY--TOPICAL TERM
Topical term or geographic name as entry element Marriage
650 ## - SUBJECT ADDED ENTRY--TOPICAL TERM
Topical term or geographic name as entry element Marriage
General subdivision Religious Aspects
-- Christianity
942 ## - ADDED ENTRY ELEMENTS (KOHA)
Source of classification or shelving scheme
Koha item type Books
Copies
Lost status Withdrawn status Copy number Not for loan Price effective from Shelving location Full call number Date last seen Barcode Date acquired Source of classification or shelving scheme Damaged status Koha item type Permanent Location
  1 2010-04-14General StacksHQ 734 .M42942010-04-14124812010-04-14  BooksRHEMA Bible Training College